| 000 | 00976nam a22002897a 4500 | ||
|---|---|---|---|
| 001 | 9468 | ||
| 003 | FISKH | ||
| 005 | 20260113162624.0 | ||
| 008 | 260113b cb ||||| |||| 00| 0 eng d | ||
| 020 | _a0030420768 | ||
| 040 |
_aFISKH _beng _cFISKH _dFISKH |
||
| 050 | _aPZ7.H3587 X | ||
| 082 | _a813 | ||
| 100 | _aHefter , Richard | ||
| 245 |
_aXerus won't allow it / _cWritten and Illustrated by Richard Hefter |
||
| 260 |
_aNew York : _bHolt , Rinehart and Winston , _c1978 . |
||
| 300 |
_a34 unnumbered pages : _bcolor illustrations ; _c25 cm . |
||
| 490 |
_aSweet Pickles _v(24) |
||
| 505 | _aK | ||
| 520 | _aXerus is convinced that more rules and regulations will keep order in the town of Sweet Pickles, until she finds that she has to follow the rules too. | ||
| 521 | 8 |
_a510
_bLexile estimate |
|
| 521 | 8 |
_aK
_bRaz-Plus |
|
| 650 |
_aSquirrels _vFiction |
||
| 700 |
_aPerle , Ruth Lerner _eEditor |
||
| 942 |
_2ddc _cBK _n0 |
||
| 999 |
_c9468 _d9468 |
||